书目信息 |
| 书名: | To the lighthouse | |
| 作者: | Virginia Woolf | |
| 分册号: | ||
| 分册名: | 出版地: | London |
|
| 出版社: | Vintage books | |
| 出版时间: | 2004 | |
| 页数: | 197P | |
| 开本: | 22cm | |
| 丛书名: | ||
| 中图分类号: | ||
| 科图分类号: | ||
| 其他分类号: | I561.45 | |
| 主题词: | ||
| 电子资源: | ||
| 000 | 00386nam0 2200145 450 | |
| 001 | 202012198134 | |
| 005 | 20121114101625.0 | |
| 008 | 20010101s | |
| 020 | @a978-0-09-947829-4@c$6.99 | |
| 099 | @dI561.45@eV8179 | |
| 245 | 10 | @aTo the lighthouse@cVirginia Woolf |
| 260 | 0 | @aLondon@bVintage books@c2004 |
| 300 | @a197P@c22cm | |
| 905 | @b11321 | |
| 905 | @aTSG@dI561.45@eV8179 | |
| To the lighthouse / Virginia Woolf.-London : Vintage books , 2004 |
| 197P ; 22cm |
| ISBN 978-0-09-947829-4$6.99 |
| ● |
| 相关链接 |
|
|
|
正题名:To the lighthouse
索取号:I561.45/V8179
 
预约/预借
| 序号 | 登录号 | 条形码 | 馆藏地/架位号 | 状态 | 备注 |